000 00492nam a2200181 a 4500
008 951213s1973||||CS 0 slo c
040 _aSNK
_bslo
_cSNK
_eAACR2
044 _axo
_cSK
080 _a820-3
100 1 _aDefoe, Daniel
245 1 0 _aMoll Flandersová
_cDaniel Defoe ; Rudolf Koštial, Pavel Hrach
260 _aBratislava
_bTatran
_c1973
_eBratislava
_fSvornosť
700 1 _aKoštial, Rudolf
_4prk
700 1 _aHrach, Pavel
_4gup
041 _aslo
020 _c20
958 _aA
999 _c10359
_d10359